Aplicación de plaguicidas : nivel básico /

Guardado en:
Autor Principal: Fernández Fernández, Milagros.
Formato: Libro
Idioma:Spanish
Publicado: [Sevilla] : Empresa Pública para el Desarrollo Agrario y Pesquero de Andalucía, [2001]
Etiquetas: Agregar Etiqueta
Sin Etiquetas, Sea el primero en etiquetar este registro!
LEADER 00720nam a22001575a 4500
001 EEA.libagro007255
005 20180529112055.0
008 130809s2001####sp#a##########000#0#spa#d
020 |a 8484740048 
082 0 4 |a 632.95 
100 1 |a Fernández Fernández, Milagros. 
245 1 0 |a Aplicación de plaguicidas :  |b nivel básico /  |c Milagros Fernández Fernández ... [et al.] ; coordinación, Francisco Ortiz Berrocal ... [et al.]. 
260 |a [Sevilla] :  |b Empresa Pública para el Desarrollo Agrario y Pesquero de Andalucía,  |c [2001] 
300 |a 108 p. :  |b il. ;  |c 30 cm. 
500 |a En la portada: Junta de Andalucía, Consejería de Agricultura y Pesca; Comunidad Europea. 
859 |a AR-BbBCA  |b BIB. AGRONOMIA  |h 632.95  |i F363  |p 2004/4626